00427nam a22001457a 450000500170000000800410001702000180005804100120007608200130008810000120010124500660011326000520017930000250023165000250025620240821093154.0240821b |||||||| |||| 00| 0 eng d a9781485119920 aEnglish a349 LAW  lEnglish aJuta's Index and Annotations to the South African Law Reports aCape Town: bJuta and Company (Pty) Ltd, c2016 b171 pages; c25 cm.  aLegal practice bLaw